<?xml version="1.0" encoding="UTF-8"?><?xml-stylesheet type="text/xsl" href="static/style.xsl"?><OAI-PMH xmlns="http://www.openarchives.org/OAI/2.0/" xmlns:xsi="http://www.w3.org/2001/XMLSchema-instance" xsi:schemaLocation="http://www.openarchives.org/OAI/2.0/ http://www.openarchives.org/OAI/2.0/OAI-PMH.xsd"><responseDate>2026-04-14T05:14:34Z</responseDate><request verb="GetRecord" identifier="oai:www.recercat.cat:10256/26651" metadataPrefix="marc">https://recercat.cat/oai/request</request><GetRecord><record><header><identifier>oai:recercat.cat:10256/26651</identifier><datestamp>2025-05-01T19:15:35Z</datestamp><setSpec>com_2072_452992</setSpec><setSpec>com_2072_2054</setSpec><setSpec>col_2072_452997</setSpec></header><metadata><record xmlns="http://www.loc.gov/MARC21/slim" xmlns:dcterms="http://purl.org/dc/terms/" xmlns:xsi="http://www.w3.org/2001/XMLSchema-instance" xmlns:doc="http://www.lyncode.com/xoai" xsi:schemaLocation="http://www.loc.gov/MARC21/slim http://www.loc.gov/standards/marcxml/schema/MARC21slim.xsd">
   <leader>00925njm 22002777a 4500</leader>
   <datafield ind2=" " ind1=" " tag="042">
      <subfield code="a">dc</subfield>
   </datafield>
   <datafield ind2=" " ind1=" " tag="720">
      <subfield code="a">Saus Sala, Elisabet</subfield>
      <subfield code="e">author</subfield>
   </datafield>
   <datafield ind2=" " ind1=" " tag="720">
      <subfield code="a">Farreras Noguer, M. Àngels</subfield>
      <subfield code="e">author</subfield>
   </datafield>
   <datafield ind2=" " ind1=" " tag="720">
      <subfield code="a">Arimany Serrat, Núria</subfield>
      <subfield code="e">author</subfield>
   </datafield>
   <datafield ind2=" " ind1=" " tag="720">
      <subfield code="a">Coenders, Germà</subfield>
      <subfield code="e">author</subfield>
   </datafield>
   <datafield ind2=" " ind1=" " tag="260">
      <subfield code="c">2021</subfield>
   </datafield>
   <datafield ind2=" " ind1=" " tag="520">
      <subfield code="a">DuPont analysis is a classical tool for assessing the determinants of financial performance of firms. It is based on financial ratios comparing revenues with costs (the so-called margin ratio), revenues with assets (turnover ratio), and debt with assets (leverage ratio). DuPont analysis thus focuses on comparing accounting values in relative terms and lends itself naturally to compositional analysis. In this chapter, we show how to graphically display firms according to margin, turnover and leverage by means of a standard compositional biplot, and how to cluster firms into strategic groups by means of k-means compositional cluster analysis. Practitioners who prefer to stick to the classic definitions of industry or cluster-level financial ratios can compute them with the usual formulae from the centre of the composition, i.e. from the industry or cluster geometric averages rather than the totals or arithmetic averages commonly used. An illustration is presented with farm-tourism firms</subfield>
   </datafield>
   <datafield ind2=" " ind1=" " tag="520">
      <subfield code="a">This work was supported by the Spanish Ministry of Science, Innovation&#xd;
and Universities/FEDER (grant RTI2018–095518–B–C21), the Spanish Ministry of Health (grantCIBERCB06/02/1002) and the Catalan Government (grants 2017SGR656, 2017SGR386 and 2017SGR155)</subfield>
   </datafield>
   <datafield tag="653" ind2=" " ind1=" ">
      <subfield code="a">Anàlisi de conglomerats</subfield>
   </datafield>
   <datafield tag="653" ind2=" " ind1=" ">
      <subfield code="a">Cluster analysis</subfield>
   </datafield>
   <datafield tag="653" ind2=" " ind1=" ">
      <subfield code="a">DuPont, Anàlisi de</subfield>
   </datafield>
   <datafield tag="653" ind2=" " ind1=" ">
      <subfield code="a">DuPont analysis</subfield>
   </datafield>
   <datafield tag="653" ind2=" " ind1=" ">
      <subfield code="a">Anàlisi de ràtios</subfield>
   </datafield>
   <datafield tag="653" ind2=" " ind1=" ">
      <subfield code="a">Ratio analysis</subfield>
   </datafield>
   <datafield ind2="0" ind1="0" tag="245">
      <subfield code="a">Compositional DuPont Analysis. A Visual Tool for Strategic Financial Performance Assessment</subfield>
   </datafield>
</record></metadata></record></GetRecord></OAI-PMH>